[Event "Benidorm Satellite preliminary"]
[Site "playchess.com #007036"]
[Date "2009.10.24"]
[Round "11"]
[White "High_me"]
[Black "Dr-Bassem"]
[Result "1/2-1/2"]
[WhiteElo "2551"]
[BlackElo "2824"]
[PlyCount "103"]
[EventDate "2009.10.24"]
[EventType "swiss (blitz)"]

1. e4 {[%emt 0:00:01]} e5 {[%emt 0:00:01]} 2. Nf3 {[%emt 0:00:01]} Nc6 {[%emt
0:00:01]} 3. Bc4 {[%emt 0:00:01]} Nf6 {[%emt 0:00:01]} 4. d3 {[%emt 0:00:01]}
Bc5 {[%emt 0:00:02]} 5. c3 {[%emt 0:00:07]} a6 {[%emt 0:00:01]} 6. Nbd2 {[%emt
0:00:07]} Ba7 {[%emt 0:00:02]} 7. Bb3 {[%emt 0:00:04]} O-O {[%emt 0:00:01]} 8.
h3 {[%emt 0:00:01]} h6 {[%emt 0:00:01]} 9. Nf1 {[%emt 0:00:14]} d5 {[%emt 0:00:
01]} 10. exd5 {[%emt 0:00:01]} Nxd5 {[%emt 0:00:02]} 11. Ng3 {[%emt 0:00:00]}
Kh8 {[%emt 0:00:25]} 12. O-O {[%emt 0:00:03]} Re8 {[%emt 0:00:09]} 13. Re1 {
[%emt 0:00:07]} f5 {[%emt 0:00:03]} 14. d4 {[%emt 0:01:37]} e4 {[%emt 0:00:09]}
15. Ng5 {[%emt 0:00:01]} Rf8 {[%emt 0:00:52]} 16. Qh5 {[%emt 0:00:34]} Nf6 {
[%emt 0:00:57] '} 17. Nf7+ {[%emt 0:00:04]} Rxf7 {[%emt 0:00:01]} 18. Qxf7 {
[%emt 0:00:01]} Bd7 {[%emt 0:00:04]} 19. Nh5 {[%emt 0:00:13]} Nxh5 {[%emt 0:00:
06]} 20. Qxh5 {[%emt 0:00:00]} Qe8 {[%emt 0:00:01]} 21. Qxe8+ {[%emt 0:00:02]}
Rxe8 {[%emt 0:00:01]} 22. Bf4 {[%emt 0:00:00]} Bb6 {[%emt 0:00:01]} 23. h4 {
[%emt 0:00:11]} Na5 {[%emt 0:00:02]} 24. Rad1 {[%emt 0:00:07]} Nxb3 {[%emt 0:
00:05]} 25. axb3 {[%emt 0:00:00]} Kh7 {[%emt 0:00:01]} 26. Be5 {[%emt 0:00:01]}
Be6 {[%emt 0:00:03]} 27. c4 {[%emt 0:00:02]} Bf7 {[%emt 0:00:04]} 28. Ra1 {
[%emt 0:00:05]} c5 {[%emt 0:00:07]} 29. dxc5 {[%emt 0:00:03]} Bxc5 {[%emt 0:00:
03]} 30. Bc3 {[%emt 0:00:00]} f4 {[%emt 0:00:14]} 31. Rad1 {[%emt 0:00:01]} e3
{[%emt 0:00:03]} 32. Bd4 {[%emt 0:00:07]} Bb4 {[%emt 0:00:09]} 33. Bc3 {[%emt
0:00:01]} Bc5 {[%emt 0:00:02]} 34. fxe3 {[%emt 0:00:02]} fxe3 {[%emt 0:00:06]}
35. Bd4 {[%emt 0:00:02]} e2 {[%emt 0:00:03]} 36. Rd2 {[%emt 0:00:02]} Bb4 {
[%emt 0:00:01]} 37. Bc3 {[%emt 0:00:01]} Bc5+ {[%emt 0:00:01]} 38. Bd4 {[%emt
0:00:00]} Bb4 {[%emt 0:00:01]} 39. Rexe2 {[%emt 0:00:06]} Bxd2 {[%emt 0:00:02]}
40. Rxd2 {[%emt 0:00:00]} Rd8 {[%emt 0:00:03]} 41. Kf2 {[%emt 0:00:01]} b5 {
[%emt 0:00:02]} 42. cxb5 {[%emt 0:00:06]} axb5 {[%emt 0:00:00]} 43. b4 {[%emt
0:00:00]} Bc4 {[%emt 0:00:01]} 44. Ke3 {[%emt 0:00:01]} Re8+ {[%emt 0:00:00]}
45. Kf4 {[%emt 0:00:01]} Rf8+ {[%emt 0:00:05]} 46. Kg3 {[%emt 0:00:04]} Rd8 {
[%emt 0:00:02]} 47. Kf2 {[%emt 0:00:01]} Kg6 {[%emt 0:00:01]} 48. g4 {[%emt 0:
00:02]} h5 {[%emt 0:00:04]} 49. Kg3 {[%emt 0:00:01]} hxg4 {[%emt 0:00:02]} 50.
Kxg4 {[%emt 0:00:00]} Be6+ {[%emt 0:00:01]} 51. Kg3 {[%emt 0:00:00]} Kh5 {
[%emt 0:00:01]} 52. Bc3 {[%emt 0:00:01] High_me bietet Remis} 1/2-1/2

[Event "Benidorm Satellite preliminary"]
[Site "playchess.com #007036"]
[Date "2009.10.24"]
[Round "11"]
[White "-st!er-"]
[Black "Kendo"]
[Result "1-0"]
[WhiteElo "2906"]
[BlackElo "2698"]
[PlyCount "101"]
[EventDate "2009.10.24"]
[EventType "swiss (blitz)"]
[TimeControl "180+2"]

{-st!er- offers a draw} 1. Nf3 {[%emt 0:00:10]} d5 {[%emt 0:00:02]} 2. g3 {
[%emt 0:00:01]} Nf6 {[%emt 0:00:01]} 3. Bg2 {[%emt 0:00:00]} c6 {[%emt 0:00:01]
} 4. O-O {[%emt 0:00:00]} Bg4 {[%emt 0:00:02]} 5. d4 {[%emt 0:00:01]} Nbd7 {
[%emt 0:00:03]} 6. Nbd2 {[%emt 0:00:01]} e6 {[%emt 0:00:08]} 7. Re1 {[%emt 0:
00:03]} Be7 {[%emt 0:00:09]} 8. e4 {[%emt 0:00:04]} dxe4 {[%emt 0:00:08]} 9.
Nxe4 {[%emt 0:00:01]} Nxe4 {[%emt 0:00:01]} 10. Rxe4 {[%emt 0:00:00]} Nf6 {
[%emt 0:00:05] Kendo bietet Remis} 11. Re1 {[%emt 0:00:01]} O-O {[%emt 0:00:01]
} 12. c3 {[%emt 0:00:01]} Re8 {[%emt 0:00:08]} 13. a4 {[%emt 0:00:04]} a5 {
[%emt 0:00:03]} 14. Qb3 {[%emt 0:00:01]} Qd5 {[%emt 0:00:33]} 15. Qxd5 {[%emt
0:00:10]} Nxd5 {[%emt 0:00:03]} 16. Ne5 {[%emt 0:00:01]} Bf5 {[%emt 0:00:04]}
17. h4 {[%emt 0:00:10]} Bd6 {[%emt 0:00:08]} 18. Nc4 {[%emt 0:00:15]} Bc7 {
[%emt 0:00:01]} 19. Bd2 {[%emt 0:00:06]} Bd3 {[%emt 0:00:11]} 20. Ne5 {[%emt 0:
00:02]} Bxe5 {[%emt 0:00:06]} 21. Rxe5 {[%emt 0:00:00]} Red8 {[%emt 0:00:05]}
22. h5 {[%emt 0:00:03]} h6 {[%emt 0:00:17]} 23. g4 {[%emt 0:00:05]} Nb6 {[%emt
0:00:14]} 24. b3 {[%emt 0:00:33]} Bc2 {[%emt 0:00:19]} 25. Ra3 {[%emt 0:00:02]}
Nd7 {[%emt 0:00:03]} 26. Re1 {[%emt 0:00:03]} Nf6 {[%emt 0:00:03]} 27. f3 {
[%emt 0:00:03]} Nd5 {[%emt 0:00:11]} 28. Kf2 {[%emt 0:00:05]} b6 {[%emt 0:00:
07]} 29. f4 {[%emt 0:00:17]} Rac8 {[%emt 0:00:08]} 30. Rc1 {[%emt 0:00:05]} Bd3
{[%emt 0:00:14]} 31. Raa1 {[%emt 0:00:43] .} Nf6 {[%emt 0:00:04]} 32. Bf3 {
[%emt 0:00:06]} Ne4+ {[%emt 0:00:06]} 33. Bxe4 {[%emt 0:00:01]} Bxe4 {[%emt 0:
00:00]} 34. Be3 {[%emt 0:00:01]} Kh7 {[%emt 0:00:11]} 35. Ra2 {[%emt 0:00:01]}
Rb8 {[%emt 0:00:02]} 36. c4 {[%emt 0:00:08]} f5 {[%emt 0:00:03]} 37. g5 {[%emt
0:00:02]} hxg5 {[%emt 0:00:05]} 38. fxg5 {[%emt 0:00:01]} g6 {[%emt 0:00:02]}
39. h6 {[%emt 0:00:01]} Re8 {[%emt 0:00:04]} 40. Bf4 {[%emt 0:00:01]} Rb7 {
[%emt 0:00:01]} 41. Rd2 {[%emt 0:00:05]} Ra8 {[%emt 0:00:02]} 42. Be5 {[%emt 0:
00:12]} Rd8 {[%emt 0:00:02]} 43. Bf6 {[%emt 0:00:02]} Rdd7 {[%emt 0:00:01]} 44.
Ke3 {[%emt 0:00:01]} Rd6 {[%emt 0:00:04]} 45. Kf4 {[%emt 0:00:03]} c5 {[%emt 0:
00:01]} 46. Be5 {[%emt 0:00:06]} Rd8 {[%emt 0:00:02]} 47. Bf6 {[%emt 0:00:01]}
Rd6 {[%emt 0:00:02]} 48. Rcd1 {[%emt 0:00:01]} Rbd7 {[%emt 0:00:02]} 49. Be5 {
[%emt 0:00:01]} Rc6 {[%emt 0:00:03]} 50. dxc5 {[%emt 0:00:01]} Rxd2 {[%emt 0:
00:01]} 51. Rxd2 {[%emt 0:00:00] Kendo gibt auf} 1-0

[Event "Benidorm Satellite preliminary"]
[Site "playchess.com #007036"]
[Date "2009.10.24"]
[Round "11"]
[White "Pfleger"]
[Black "huseyinist"]
[Result "1/2-1/2"]
[WhiteElo "1666"]
[BlackElo "1487"]
[PlyCount "120"]
[EventDate "2009.10.24"]
[EventType "swiss (blitz)"]

1. e4 {[%emt 0:00:01]} c5 {[%emt 0:00:02]} 2. b3 {[%emt 0:00:05]} Nc6 {[%emt 0:
00:03]} 3. Bb2 {[%emt 0:00:03]} e6 {[%emt 0:00:02]} 4. Nc3 {[%emt 0:00:02]} Nf6
{[%emt 0:00:02]} 5. d3 {[%emt 0:00:13]} d5 {[%emt 0:00:02]} 6. exd5 {[%emt 0:
00:02]} exd5 {[%emt 0:00:02]} 7. Nf3 {[%emt 0:00:02]} Be6 {[%emt 0:00:02]} 8.
Be2 {[%emt 0:00:01]} Be7 {[%emt 0:00:01]} 9. O-O {[%emt 0:00:01]} O-O {[%emt 0:
00:00]} 10. Re1 {[%emt 0:00:01]} Re8 {[%emt 0:00:02]} 11. Qd2 {[%emt 0:00:02]}
Qc7 {[%emt 0:00:02]} 12. h3 {[%emt 0:00:03]} a6 {[%emt 0:00:01]} 13. Ng5 {
[%emt 0:00:03]} Bf5 {[%emt 0:00:13]} 14. g4 {[%emt 0:00:08]} Bg6 {[%emt 0:00:
04]} 15. Nf3 {[%emt 0:00:11]} h6 {[%emt 0:00:03]} 16. Bf1 {[%emt 0:00:08]} d4 {
[%emt 0:00:07]} 17. Ne2 {[%emt 0:00:16]} Nd5 {[%emt 0:00:06]} 18. Ng3 {[%emt 0:
00:13]} Bd6 {[%emt 0:00:17]} 19. Nh1 {[%emt 0:00:19]} Bf4 {[%emt 0:00:31]} 20.
Rxe8+ {[%emt 0:00:17]} Rxe8 {[%emt 0:00:03]} 21. Qd1 {[%emt 0:00:01]} Ne5 {
[%emt 0:00:23]} 22. Nxe5 {[%emt 0:00:04]} Qxe5 {[%emt 0:00:11]} 23. Qf3 {[%emt
0:00:01]} h5 {[%emt 0:00:18]} 24. Bc1 {[%emt 0:00:19]} hxg4 {[%emt 0:00:08]}
25. hxg4 {[%emt 0:00:04]} f5 {[%emt 0:00:31]} 26. Bxf4 {[%emt 0:00:05]} Nxf4 {
[%emt 0:00:04]} 27. Ng3 {[%emt 0:00:08]} fxg4 {[%emt 0:00:05]} 28. Qxg4 {[%emt
0:00:03]} Rf8 {[%emt 0:00:13]} 29. Bh3 {[%emt 0:00:13]} Nxh3+ {[%emt 0:00:10]}
30. Qxh3 {[%emt 0:00:03]} Rf3 {[%emt 0:00:03]} 31. Qg4 {[%emt 0:00:15] .} Qf6 {
[%emt 0:00:04]} 32. Rf1 {[%emt 0:00:15]} Bf5 {[%emt 0:00:04]} 33. Nxf5 {[%emt
0:00:04]} Rxf5 {[%emt 0:00:02]} 34. Kh2 {[%emt 0:00:08]} Rg5 {[%emt 0:00:03]}
35. Qc8+ {[%emt 0:00:03]} Kf7 {[%emt 0:00:02]} 36. Qxb7+ {[%emt 0:00:07]} Kg8 {
[%emt 0:00:01]} 37. Qc8+ {[%emt 0:00:01]} Kh7 {[%emt 0:00:01]} 38. Qh3+ {[%emt
0:00:01]} Kg6 {[%emt 0:00:01]} 39. Rg1 {[%emt 0:00:03]} Qf4+ {[%emt 0:00:01]}
40. Kh1 {[%emt 0:00:01]} Qe5 {[%emt 0:00:02]} 41. Rxg5+ {[%emt 0:00:02]} Qxg5 {
[%emt 0:00:01]} 42. Qe6+ {[%emt 0:00:01]} Kh7 {[%emt 0:00:01]} 43. Qxa6 {[%emt
0:00:04]} Qc1+ {[%emt 0:00:02]} 44. Kg2 {[%emt 0:00:01]} Qg5+ {[%emt 0:00:02]}
45. Kf1 {[%emt 0:00:03]} Qc1+ {[%emt 0:00:02]} 46. Kg2 {[%emt 0:00:01]} Qg5+ {
[%emt 0:00:01]} 47. Kf3 {[%emt 0:00:02]} Qf5+ {[%emt 0:00:03]} 48. Ke2 {[%emt
0:00:03]} Qg4+ {[%emt 0:00:01]} 49. Ke1 {[%emt 0:00:04]} Qg1+ {[%emt 0:00:01]}
50. Ke2 {[%emt 0:00:01]} Qg4+ {[%emt 0:00:01]} 51. Kf1 {[%emt 0:00:01]} Qh3+ {
[%emt 0:00:02]} 52. Ke1 {[%emt 0:00:01]} Qh1+ {[%emt 0:00:07]} 53. Kd2 {[%emt
0:00:02]} Qf3 {[%emt 0:00:03]} 54. Qc8 {[%emt 0:00:09]} Qxf2+ {[%emt 0:00:01]}
55. Kc1 {[%emt 0:00:01]} Qe1+ {[%emt 0:00:01]} 56. Kb2 {[%emt 0:00:01]} Qc3+ {
[%emt 0:00:01]} 57. Ka3 {[%emt 0:00:01]} Qb4+ {[%emt 0:00:01]} 58. Kb2 {[%emt
0:00:01]} Qc3+ {[%emt 0:00:01]} 59. Kb1 {[%emt 0:00:01]} Qe1+ {[%emt 0:00:01]}
60. Kb2 {[%emt 0:00:01]} Qc3+ {[%emt 0:00:01]} 1/2-1/2

[Event "Benidorm Satellite preliminary"]
[Site "playchess.com #007036"]
[Date "2009.10.24"]
[Round "11"]
[White "Jiriki"]
[Black "BLiTzcHAmP"]
[Result "0-1"]
[WhiteElo "2557"]
[BlackElo "2703"]
[PlyCount "136"]
[EventDate "2009.10.24"]
[EventType "swiss (blitz)"]

1. e4 {[%emt 0:00:03]} e5 {[%emt 0:00:01]} 2. Nf3 {[%emt 0:00:01]} Nc6 {[%emt
0:00:01]} 3. d4 {[%emt 0:00:02]} exd4 {[%emt 0:00:01]} 4. Nxd4 {[%emt 0:00:05]}
Nf6 {[%emt 0:00:01]} 5. Nxc6 {[%emt 0:00:01]} bxc6 {[%emt 0:00:02]} 6. e5 {
[%emt 0:00:01]} Qe7 {[%emt 0:00:00]} 7. Qe2 {[%emt 0:00:01]} Nd5 {[%emt 0:00:
00]} 8. c4 {[%emt 0:00:01]} Qb4+ {[%emt 0:00:00]} 9. Nd2 {[%emt 0:00:08]} Nf4 {
[%emt 0:00:01]} 10. Qe4 {[%emt 0:00:01]} Ne6 {[%emt 0:00:04]} 11. Be2 {[%emt 0:
00:07]} Bb7 {[%emt 0:00:05]} 12. a3 {[%emt 0:00:07]} Qb6 {[%emt 0:00:02]} 13.
O-O {[%emt 0:00:16]} c5 {[%emt 0:00:01]} 14. Qg4 {[%emt 0:00:05]} h5 {[%emt 0:
00:01]} 15. Qf5 {[%emt 0:00:19]} Nd4 {[%emt 0:00:18]} 16. Qd3 {[%emt 0:00:03]}
Qg6 {[%emt 0:00:01]} 17. f3 {[%emt 0:00:17]} h4 {[%emt 0:00:07]} 18. Qxg6 {
[%emt 0:00:05]} Nxe2+ {[%emt 0:00:02]} 19. Kf2 {[%emt 0:00:00]} fxg6 {[%emt 0:
00:01]} 20. Kxe2 {[%emt 0:00:01]} O-O-O {[%emt 0:00:01]} 21. Kf2 {[%emt 0:00:
20]} d6 {[%emt 0:00:02]} 22. e6 {[%emt 0:00:15]} Re8 {[%emt 0:00:03]} 23. Re1 {
[%emt 0:00:01]} Be7 {[%emt 0:00:02]} 24. Ne4 {[%emt 0:00:07]} Rhf8 {[%emt 0:00:
18]} 25. Bg5 {[%emt 0:00:11]} Bxg5 {[%emt 0:00:17]} 26. Nxg5 {[%emt 0:00:01]}
Rf5 {[%emt 0:00:01]} 27. Nf7 {[%emt 0:00:20]} Rf6 {[%emt 0:00:11]} 28. Ng5 {
[%emt 0:00:03]} Rf5 {[%emt 0:00:13]} 29. Nf7 {[%emt 0:00:01]} h3 {[%emt 0:00:
01]} 30. Re3 {[%emt 0:00:02]} hxg2 {[%emt 0:00:04]} 31. Kxg2 {[%emt 0:00:00]}
d5 {[%emt 0:00:05]} 32. cxd5 {[%emt 0:00:06]} Bxd5 {[%emt 0:00:01]} 33. Rae1 {
[%emt 0:00:01]} g5 {[%emt 0:00:05]} 34. Kg3 {[%emt 0:00:01]} Kb7 {[%emt 0:00:
31]} 35. Kg4 {[%emt 0:00:02]} Bxe6 {[%emt 0:00:10]} 36. Rxe6 {[%emt 0:00:03]}
Rxe6 {[%emt 0:00:09]} 37. Rxe6 {[%emt 0:00:00]} Rxf7 {[%emt 0:00:01]} 38. Rg6 {
[%emt 0:00:08]} Rd7 {[%emt 0:00:06]} 39. Kxg5 {[%emt 0:00:06]} Rd2 {[%emt 0:00:
04]} 40. Rxg7 {[%emt 0:00:14]} Rxh2 {[%emt 0:00:04]} 41. f4 {[%emt 0:00:04]}
Rxb2 {[%emt 0:00:02]} 42. f5 {[%emt 0:00:01]} c4 {[%emt 0:00:01]} 43. f6 {
[%emt 0:00:07]} c3 {[%emt 0:00:02]} 44. f7 {[%emt 0:00:08]} Rf2 {[%emt 0:00:03]
} 45. Rh7 {[%emt 0:00:04]} c2 {[%emt 0:00:03]} 46. Rh1 {[%emt 0:00:01]} Rxf7 {
[%emt 0:00:02]} 47. Rc1 {[%emt 0:00:01]} Rf2 {[%emt 0:00:01]} 48. Kg4 {[%emt 0:
00:00]} Kb6 {[%emt 0:00:03]} 49. Kg3 {[%emt 0:00:00]} Rd2 {[%emt 0:00:01]} 50.
Kf3 {[%emt 0:00:00]} Kb5 {[%emt 0:00:02]} 51. Ke3 {[%emt 0:00:01]} Rh2 {[%emt
0:00:01]} 52. Kd3 {[%emt 0:00:01]} Ka4 {[%emt 0:00:01]} 53. Kc3 {[%emt 0:00:01]
} a5 {[%emt 0:00:05]} 54. Kb2 {[%emt 0:00:01]} Kb5 {[%emt 0:00:08]} 55. Rg1 {
[%emt 0:00:02]} c5 {[%emt 0:00:05]} 56. Rg4 {[%emt 0:00:03]} Rh3 {[%emt 0:00:
09]} 57. a4+ {[%emt 0:00:05]} Kc6 {[%emt 0:00:04]} 58. Kxc2 {[%emt 0:00:00]}
Kd5 {[%emt 0:00:02]} 59. Rf4 {[%emt 0:00:05]} Rh5 {[%emt 0:00:04]} 60. Kc3 {
[%emt 0:00:03]} Rh3+ {[%emt 0:00:02]} 61. Kc2 {[%emt 0:00:01]} c4 {[%emt 0:00:
05]} 62. Rf5+ {[%emt 0:00:09]} Kd4 {[%emt 0:00:01]} 63. Rxa5 {[%emt 0:00:13]}
Rh2+ {[%emt 0:00:01]} 64. Kb1 {[%emt 0:00:02]} Kc3 {[%emt 0:00:02]} 65. Ra8 {
[%emt 0:00:01]} Rb2+ {[%emt 0:00:05]} 66. Ka1 {[%emt 0:00:05]} Rb4 {[%emt 0:00:
01]} 67. a5 {[%emt 0:00:03]} Kc2 {[%emt 0:00:01]} 68. a6 {[%emt 0:00:02]} Ra4#
{[%emt 0:00:01]} 0-1

[Event "Benidorm Satellite preliminary"]
[Site "playchess.com #007036"]
[Date "2009.10.24"]
[Round "11"]
[White "Dimitri_Ovanov"]
[Black "Shakked"]
[Result "1-0"]
[WhiteElo "1598"]
[BlackElo "1400"]
[PlyCount "111"]
[EventDate "2009.10.24"]
[EventType "swiss (blitz)"]

1. d4 {[%emt 0:00:04]} c5 {[%emt 0:00:02]} 2. dxc5 {[%emt 0:00:02]} e5 {[%emt
0:00:05]} 3. Nf3 {[%emt 0:00:01]} e4 {[%emt 0:00:03]} 4. Nd4 {[%emt 0:00:07]}
Bxc5 {[%emt 0:00:03]} 5. Nc3 {[%emt 0:00:04]} Nf6 {[%emt 0:00:11]} 6. Bg5 {
[%emt 0:00:03]} Qb6 {[%emt 0:00:06]} 7. Bxf6 {[%emt 0:00:09]} Qxb2 {[%emt 0:00:
26]} 8. Ncb5 {[%emt 0:00:21]} gxf6 {[%emt 0:00:18]} 9. Rb1 {[%emt 0:00:05]}
Bb4+ {[%emt 0:00:11]} 10. c3 {[%emt 0:00:05]} Bxc3+ {[%emt 0:00:03]} 11. Nxc3 {
[%emt 0:00:01]} Qxc3+ {[%emt 0:00:01]} 12. Qd2 {[%emt 0:00:01]} Qxd2+ {[%emt 0:
00:01]} 13. Kxd2 {[%emt 0:00:03]} O-O {[%emt 0:00:03]} 14. e3 {[%emt 0:00:13]}
Nc6 {[%emt 0:00:03]} 15. Nf5 {[%emt 0:00:03]} d5 {[%emt 0:00:07]} 16. Nd6 {
[%emt 0:00:02]} b6 {[%emt 0:00:08]} 17. Bb5 {[%emt 0:00:06]} Bd7 {[%emt 0:00:
04]} 18. Rhc1 {[%emt 0:00:03]} Ne5 {[%emt 0:00:08]} 19. Bxd7 {[%emt 0:00:03]}
Nxd7 {[%emt 0:00:03]} 20. Rc7 {[%emt 0:00:00]} Nc5 {[%emt 0:00:03]} 21. f3 {
[%emt 0:00:38]} Rad8 {[%emt 0:00:10]} 22. Nb5 {[%emt 0:00:05]} a6 {[%emt 0:00:
14]} 23. Nd4 {[%emt 0:00:03]} Rd7 {[%emt 0:00:11]} 24. Rxd7 {[%emt 0:00:02]}
Nxd7 {[%emt 0:00:03]} 25. fxe4 {[%emt 0:00:01]} dxe4 {[%emt 0:00:02]} 26. Ke2 {
[%emt 0:00:10]} Rc8 {[%emt 0:00:03]} 27. Kf2 {[%emt 0:00:02]} b5 {[%emt 0:00:
02]} 28. Kg3 {[%emt 0:00:01]} Kg7 {[%emt 0:00:23]} 29. Kf4 {[%emt 0:00:03]} Nc5
{[%emt 0:00:08]} 30. Nf5+ {[%emt 0:00:10]} Kg6 {[%emt 0:00:05]} 31. Ne7+ {
[%emt 0:00:02]} Kg7 {[%emt 0:00:02]} 32. Nxc8 {[%emt 0:00:01]} Nd3+ {[%emt 0:
00:00]} 33. Kxe4 {[%emt 0:00:02]} Nf2+ {[%emt 0:00:01]} 34. Kf3 {[%emt 0:00:01]
} Nd3 {[%emt 0:00:00]} 35. Nd6 {[%emt 0:00:11]} f5 {[%emt 0:00:00]} 36. Nxf5+ {
[%emt 0:00:02]} Kf6 {[%emt 0:00:02]} 37. Nd4 {[%emt 0:00:04]} h5 {[%emt 0:00:
00]} 38. Rd1 {[%emt 0:00:05]} b4 {[%emt 0:00:00]} 39. Rxd3 {[%emt 0:00:03]} a5
{[%emt 0:00:00]} 40. Nc6 {[%emt 0:00:03]} a4 {[%emt 0:00:00]} 41. Nxb4 {[%emt
0:00:01]} a3 {[%emt 0:00:02]} 42. Rxa3 {[%emt 0:00:01]} Kg7 {[%emt 0:00:00]}
43. Ra5 {[%emt 0:00:01]} f5 {[%emt 0:00:00]} 44. Nd3 {[%emt 0:00:02]} h4 {
[%emt 0:00:00]} 45. Nf4 {[%emt 0:00:01]} h3 {[%emt 0:00:01]} 46. Nxh3 {[%emt 0:
00:02]} Kf6 {[%emt 0:00:00]} 47. Nf4 {[%emt 0:00:01]} Kg5 {[%emt 0:00:01]} 48.
g3 {[%emt 0:00:09]} Kh6 {[%emt 0:00:04]} 49. Rxf5 {[%emt 0:00:05]} Kg7 {[%emt
0:00:01]} 50. a4 {[%emt 0:00:03]} Kh6 {[%emt 0:00:00]} 51. a5 {[%emt 0:00:04]}
Kg7 {[%emt 0:00:02]} 52. a6 {[%emt 0:00:01]} Kh7 {[%emt 0:00:00]} 53. a7 {
[%emt 0:00:01]} Kg7 {[%emt 0:00:00]} 54. a8=Q {[%emt 0:00:01]} Kh7 {[%emt 0:00:
00]} 55. Qb7+ {[%emt 0:00:03]} Kh6 {[%emt 0:00:01]} 56. Rh5# {[%emt 0:00:04]}
1-0

[Event "Benidorm Satellite preliminary"]
[Site "playchess.com #007036"]
[Date "2009.10.24"]
[Round "11"]
[White "Roi folichon"]
[Black "Marx"]
[Result "0-1"]
[WhiteElo "1525"]
[BlackElo "1313"]
[PlyCount "182"]
[EventDate "2009.10.24"]
[EventType "swiss (blitz)"]

1. e4 {[%emt 0:00:05]} e5 {[%emt 0:00:01]} 2. Nc3 {[%emt 0:00:01]} Nf6 {[%emt
0:00:01]} 3. Nf3 {[%emt 0:00:01]} Bb4 {[%emt 0:00:02]} 4. a3 {[%emt 0:00:01]}
Bxc3 {[%emt 0:00:01]} 5. bxc3 {[%emt 0:00:00]} Nc6 {[%emt 0:00:02]} 6. d3 {
[%emt 0:00:01]} d5 {[%emt 0:00:02]} 7. Bg5 {[%emt 0:00:05]} Qd6 {[%emt 0:00:03]
} 8. Bxf6 {[%emt 0:00:02]} Qxf6 {[%emt 0:00:01]} 9. exd5 {[%emt 0:00:02]} e4 {
[%emt 0:00:01]} 10. Nd4 {[%emt 0:00:18]} Nxd4 {[%emt 0:00:02]} 11. cxd4 {[%emt
0:00:02]} Qxd4 {[%emt 0:00:01]} 12. Rb1 {[%emt 0:00:04]} Qxd5 {[%emt 0:00:05]}
13. dxe4 {[%emt 0:00:03]} Qxe4+ {[%emt 0:00:01]} 14. Qe2 {[%emt 0:00:00]} Bf5 {
[%emt 0:00:11]} 15. Qxe4+ {[%emt 0:00:03]} Bxe4 {[%emt 0:00:01]} 16. Rb2 {
[%emt 0:00:03]} O-O {[%emt 0:00:05]} 17. f3 {[%emt 0:00:00]} Bc6 {[%emt 0:00:
04]} 18. Bd3 {[%emt 0:00:09]} Rfe8+ {[%emt 0:00:01]} 19. Kf2 {[%emt 0:00:01]}
Re7 {[%emt 0:00:12]} 20. Re1 {[%emt 0:00:01]} Rae8 {[%emt 0:00:02]} 21. Rxe7 {
[%emt 0:00:01]} Rxe7 {[%emt 0:00:01]} 22. c3 {[%emt 0:00:06]} b6 {[%emt 0:00:
04]} 23. Re2 {[%emt 0:00:01]} Rxe2+ {[%emt 0:00:04]} 24. Kxe2 {[%emt 0:00:00]}
f6 {[%emt 0:00:08]} 25. Ke3 {[%emt 0:00:00]} g6 {[%emt 0:00:02]} 26. g3 {[%emt
0:00:00]} Kg7 {[%emt 0:00:01]} 27. f4 {[%emt 0:00:01]} f5 {[%emt 0:00:01]} 28.
Kd4 {[%emt 0:00:00]} Kf6 {[%emt 0:00:03]} 29. Bc4 {[%emt 0:00:05]} a5 {[%emt 0:
00:08]} 30. Bg8 {[%emt 0:00:01]} h6 {[%emt 0:00:01]} 31. c4 {[%emt 0:00:03]} g5
{[%emt 0:00:17]} 32. Bd5 {[%emt 0:00:03]} Bd7 {[%emt 0:00:08]} 33. Bf3 {[%emt
0:00:10]} gxf4 {[%emt 0:00:13]} 34. gxf4 {[%emt 0:00:01]} Ba4 {[%emt 0:00:27]}
35. h4 {[%emt 0:00:02]} Bd7 {[%emt 0:00:06]} 36. Kd5 {[%emt 0:00:03]} Be6+ {
[%emt 0:00:10]} 37. Kc6 {[%emt 0:00:07]} Bxc4 {[%emt 0:00:05]} 38. Kxc7 {[%emt
0:00:00]} b5 {[%emt 0:00:01]} 39. Bd1 {[%emt 0:00:14]} b4 {[%emt 0:00:02]} 40.
axb4 {[%emt 0:00:01]} axb4 {[%emt 0:00:01]} 41. Kc6 {[%emt 0:00:00]} b3 {[%emt
0:00:01]} 42. Kc5 {[%emt 0:00:02]} b2 {[%emt 0:00:03]} 43. Bc2 {[%emt 0:00:02]}
Bb3 {[%emt 0:00:02]} 44. Bb1 {[%emt 0:00:02]} Ke6 {[%emt 0:00:15]} 45. Kd4 {
[%emt 0:00:04]} Bd5 {[%emt 0:00:04]} 46. Kc3 {[%emt 0:00:07]} Be4 {[%emt 0:00:
03]} 47. Ba2+ {[%emt 0:00:07]} Kd6 {[%emt 0:00:08]} 48. Kxb2 {[%emt 0:00:00]}
Kc5 {[%emt 0:00:01]} 49. Kc3 {[%emt 0:00:02]} Bf3 {[%emt 0:00:08]} 50. Be6 {
[%emt 0:00:09]} Be4 {[%emt 0:00:03]} 51. Kd2 {[%emt 0:00:02]} Kd6 {[%emt 0:00:
01]} 52. Bc8 {[%emt 0:00:04]} Ke7 {[%emt 0:00:01]} 53. Ke3 {[%emt 0:00:02]} Kf6
{[%emt 0:00:00]} 54. Bd7 {[%emt 0:00:07]} Kg6 {[%emt 0:00:05]} 55. Be8+ {[%emt
0:00:01]} Kf6 {[%emt 0:00:01]} 56. Kf2 {[%emt 0:00:04]} Ke7 {[%emt 0:00:07]}
57. Bh5 {[%emt 0:00:01]} Kd6 {[%emt 0:00:02]} 58. Be2 {[%emt 0:00:01]} Kc5 {
[%emt 0:00:01]} 59. Kg3 {[%emt 0:00:00]} Kd4 {[%emt 0:00:02]} 60. Bb5 {[%emt 0:
00:02]} Ke3 {[%emt 0:00:02]} 61. Bd7 {[%emt 0:00:04]} Ke2 {[%emt 0:00:03]} 62.
h5 {[%emt 0:00:05]} Ke3 {[%emt 0:00:09]} 63. Bb5 {[%emt 0:00:01]} Kd4 {[%emt 0:
00:04] Marx offers a draw} 64. Kh4 {[%emt 0:00:03]} Ke3 {[%emt 0:00:02]} 65.
Kg3 {[%emt 0:00:08]} Kd4 {[%emt 0:00:01]} 66. Kf2 {[%emt 0:00:06]} Kc5 {[%emt
0:00:01]} 67. Be8 {[%emt 0:00:01]} Kd4 {[%emt 0:00:02]} 68. Bf7 {[%emt 0:00:01]
} Kd3 {[%emt 0:00:07]} 69. Bg6 {[%emt 0:00:01]} Kd2 {[%emt 0:00:02]} 70. Kf1 {
[%emt 0:00:04]} Ke3 {[%emt 0:00:01]} 71. Ke1 {[%emt 0:00:13]} Kxf4 {[%emt 0:00:
01]} 72. Kf2 {[%emt 0:00:00]} Kg4 {[%emt 0:00:04]} 73. Ke3 {[%emt 0:00:01]} Kg5
{[%emt 0:00:06]} 74. Kf2 {[%emt 0:00:04]} Bd5 {[%emt 0:00:03]} 75. Kg3 {[%emt
0:00:07]} f4+ {[%emt 0:00:01]} 76. Kf2 {[%emt 0:00:01]} Bc4 {[%emt 0:00:04]}
77. Be8 {[%emt 0:00:03]} Bb3 {[%emt 0:00:03]} 78. Kf3 {[%emt 0:00:01]} Bd1+ {
[%emt 0:00:01]} 79. Kf2 {[%emt 0:00:01]} Bxh5 {[%emt 0:00:01]} 80. Bxh5 {[%emt
0:00:01]} Kxh5 {[%emt 0:00:01]} 81. Kf3 {[%emt 0:00:00]} Kg5 {[%emt 0:00:00]}
82. Kf2 {[%emt 0:00:01]} Kg4 {[%emt 0:00:01]} 83. Kf1 {[%emt 0:00:01]} Kg3 {
[%emt 0:00:00]} 84. Kg1 {[%emt 0:00:01]} h5 {[%emt 0:00:03]} 85. Kf1 {[%emt 0:
00:00]} Kf3 {[%emt 0:00:01]} 86. Kg1 {[%emt 0:00:01]} Ke2 {[%emt 0:00:01]} 87.
Kg2 {[%emt 0:00:01]} f3+ {[%emt 0:00:00]} 88. Kh3 {[%emt 0:00:00]} f2 {[%emt 0:
00:00]} 89. Kg3 {[%emt 0:00:01]} f1=R {[%emt 0:00:04]} 90. Kh2 {[%emt 0:00:01]}
Kf3 {[%emt 0:00:02]} 91. Kh3 {[%emt 0:00:02]} Rh1# {[%emt 0:00:01]} 0-1